000 00423nam a2200181Ia 4500
001 14608
005 20260306164926.0
008 260306t2004||||xx |||||||||||||| ||spa||
041 _aESP
082 _a515.35
_bK81 V. 2
100 _aKreyszig, Erwin
_eAUT
245 0 _aMatemáticas avanzadas para ingenieria
260 _c2004
300 _a
_c25 cm.
650 _aGEN
654 _aCMA
942 _cLIB
_dJUS
_fJUS
_2ddc
_n
999 _c14608
_d14608